Statistiken für UEFA Champions League - Endspiele

Klicken Sie hier um das Quiz zu spielen!

Allgemein

  • Dieses Quiz wurde 2.439 mal gespielt
  • Das Durchschnittsergebnis liegt bei 26 aus 41

Antwortstatistiken

Antwort% Korrekt
FC Bayern Munich
99%
Real Madrid
99%
FC Barcelona
98%
FC Liverpool
98%
Borussia Dortmund
97%
FC Chelsea
96%
Manchester United
96%
Inter Mailand
95%
AC Mailand
94%
Juventus Turin
94%
Paris Saint-Germain
94%
Atlético Madrid
89%
Tottenham Hotspur
88%
Ajax Amsterdam
86%
FC Porto
85%
Hamburger SV
79%
Benfica Lissabon
78%
FC Arsenal
76%
Olympique Marseille
74%
Nottingham Forest
72%
Bayer 04 Leverkusen
64%
PSV Eindhoven
64%
FC Valencia
63%
Celtic Glasgow
56%
Roter Stern Belgrad
56%
Aston Villa
55%
FCSB Bukarest
54%
AS Rom
51%
AS Monaco
47%
Feyenoord Rotterdam
46%
Borussia Mönchengladbach
43%
Eintracht Frankfurt
39%
Leeds United
26%
FC Brügge
20%
AC Florenz
19%
Panathinaikos Athen
17%
AS Saint-Étienne
16%
Sampdoria Genua
16%
Stade Reims
16%
Malmö FF
15%
FK Partizan Belgrad
14%

Verteilung der Resultate

Perzentil nach korrekt beantworteten Fragen

Anzahl Personen mit jedem Resultat

Ihre Resultats-Entwicklung

Sie haben dieses Quiz noch nicht gespielt